<?xml version="1.0" encoding="UTF-8"?>
<marc:record xmlns:marc="http://www.loc.gov/MARC21/slim">
   <marc:leader>00000nam a2200000 a 4500</marc:leader>
   <marc:datafield ind1="1" ind2=" " tag="100">
      <marc:subfield code="a">Gassner, Angelika</marc:subfield>
      <marc:subfield code="4">aut</marc:subfield>
      <marc:subfield code="e">Verfasser/-in</marc:subfield>
   </marc:datafield>
   <marc:datafield ind1=" " ind2=" " tag="653">
      <marc:subfield code="a">Abgrenzung</marc:subfield>
   </marc:datafield>
   <marc:datafield ind1=" " ind2=" " tag="653">
      <marc:subfield code="a">Selbstsorge</marc:subfield>
   </marc:datafield>
   <marc:datafield ind1=" " ind2=" " tag="653">
      <marc:subfield code="a">Lebensführung</marc:subfield>
   </marc:datafield>
   <marc:datafield ind1=" " ind2=" " tag="653">
      <marc:subfield code="a">Christ</marc:subfield>
   </marc:datafield>
   <marc:datafield ind1="0" ind2="0" tag="245">
      <marc:subfield code="a">Eigene und fremde Grenzen achten</marc:subfield>
   </marc:datafield>
   <marc:datafield ind1="0" ind2="0" tag="245">
      <marc:subfield code="b">spirituelle Impulse für einen guten Umgang mit mir selbst und anderen</marc:subfield>
   </marc:datafield>
   <marc:datafield ind1="0" ind2="0" tag="245">
      <marc:subfield code="c">Angelika Gassner</marc:subfield>
   </marc:datafield>
   <marc:datafield ind1=" " ind2="1" tag="264">
      <marc:subfield code="a">Ostfildern</marc:subfield>
      <marc:subfield code="b">Schwabenverlag</marc:subfield>
      <marc:subfield code="c">2024</marc:subfield>
   </marc:datafield>
   <marc:datafield ind1="1" ind2=" " tag="520">
      <marc:subfield code="a">Grenzen trennen, aber sie verbinden auch. Grenzen schaffen Identität, bringen Klarheit, sichern Freiraum, bieten Schutz. Grenzen müssen nicht für alle Zeiten unveränderlich sein, aber wenn sie gesetzt sind, sind sie zu respektieren. Doch dafür braucht es eine achtsame Wahrnehmung. Das gilt ganz besonders auch in Kirche und Seelsorge. Menschen, die in ihrem Engagement aufgehen und sich ganz in Dienst nehmen lassen, müssen auf ihre Grenzen achten, damit sie nicht irgendwann ausbrennen. Wer für andere da ist, soll gut zu sich selbst sein, Nein sagen lernen und sich auch helfen lassen. Wer die eigenen Grenzen nicht achtet, wird es auch schwerer haben, die Grenzen anderer zu achten. Gerade fehlende Selbstfürsorge kann übergriffiges Verhalten begünstigen.</marc:subfield>
   </marc:datafield>
   <marc:datafield ind1=" " ind2=" " tag="020">
      <marc:subfield code="a">9783796618611</marc:subfield>
      <marc:subfield code="9">9783796618611</marc:subfield>
   </marc:datafield>
   <marc:datafield ind1=" " ind2=" " tag="020">
      <marc:subfield code="a">3796618618</marc:subfield>
      <marc:subfield code="9">3796618618</marc:subfield>
   </marc:datafield>
   <marc:datafield ind1=" " ind2=" " tag="300">
      <marc:subfield code="a">207 Seiten</marc:subfield>
   </marc:datafield>
</marc:record>
